000 00441cam a2200181ua 4500
020 _c2.75
041 _amal
_h
082 _a894.812308
_bPAD/OZ
100 _aPadmanabha Pillai, K .
245 _aOzhukkukal /
_cK Padmanabha Pillai.
_hTextual Documents
250 _a1 /
_b.
260 _aKottayam :
_bNational Book Stall ,
_c1973.
300 _a226 ; .
365 _a2.75
504 _a
942 _cBK
999 _c12028
_d12028